000 00628nam a2200241Ia 4500
003 OSt
005 20221007075047.0
006 a|||||r|||| 00| 0
007 ta
008 221006b |||||||| |||| 00| 0 eng d
024 _a11,672
037 _cTextual
040 _aFLL
_cFLL
_beng
041 _2eng
_aeng
082 _aZ2,2,4, N9
100 _aPaul Solil Au.
_9693463
245 0 _aTransfer of property act 1882
250 _a9th
260 _aNew Delhi
_bButterworths India
_c1999
300 _aclxxviii,1426p
_ccm.
942 _hZ2,2,4, N9
_cTEXL
_2CC
999 _c1154674
_d1154674